Chemical process principles (Record no. 19036)

000 -LEADER
fixed length control field 00586nam a22002171 4500
001 - CONTROL NUMBER
control field 19036
003 - CONTROL NUMBER IDENTIFIER
control field BD-DhUET
008 - FIXED-LENGTH DATA ELEMENTS--GENERAL INFORMATION
fixed length control field 840614m19549999nyua 000 0 eng
040 ## - CATALOGING SOURCE
Original cataloging agency DLC
Transcribing agency DLC
Modifying agency BD-DhUET
082 00 - DEWEY DECIMAL CLASSIFICATION NUMBER
Classification number 660.284
Item number HOU/1960
100 1# - MAIN ENTRY--PERSONAL NAME
Personal name Hougen, Olaf A.
245 10 - TITLE STATEMENT
Title Chemical process principles
250 ## - EDITION STATEMENT
Edition statement 2nd ed.
260 ## - PUBLICATION, DISTRIBUTION, ETC. (IMPRINT)
Place of publication, distribution, etc. New York
Name of publisher, distributor, etc. John Wiley & Sons
Date of publication, distribution, etc. 1959
300 ## - PHYSICAL DESCRIPTION
Extent xviii, (505-1072)p.
Other physical details illus
Dimensions 24 cm.
500 ## - GENERAL NOTE
General note Part- II, Thermodynamics
650 #0 - SUBJECT ADDED ENTRY--TOPICAL TERM
Topical term or geographic name as entry element Chemical engineering
700 ## - ADDED ENTRY--PERSONAL NAME
Personal name Watson, Kenneth M.
700 ## - ADDED ENTRY--PERSONAL NAME
Personal name Ragatz, Roland A.
942 ## - ADDED ENTRY ELEMENTS (KOHA)
Koha item type General Book
Holdings
Sublocation or collection (holding branch) Source of classification or shelving scheme Koha date last seen Date acquired Not for loan Location (home branch) Lost status Koha item type Koha normalized classification for sorting Shelving location Piece designation (barcode) Copy number Damaged status Price effective from Koha full call number Withdrawn status
Central Library, BUET 2015-04-022015-04-02 Central Library, BUET General Book660_280000000000000_HOU_1959Circulation section174881 2015-04-02660.28/HOU/1959 
Central Library, BUET 2015-05-112015-05-11 Central Library, BUET General Book660_280000000000000_HOU_1959Circulation section113602 2015-05-11660.28/HOU/1959 
Central Library, BUET 2015-05-122015-05-12 Central Library, BUET General Book660_284000000000000_HOU_1960Circulation section10443 2015-05-12660.284/HOU/1960 
Central Library, BUET 2015-05-122015-05-12 Central Library, BUET General Book660_284000000000000_HOU_1960Circulation section5104 2015-05-12660.284/HOU/1960 
Central Library, BUET 2015-05-182015-05-18 Central Library, BUET General Book660_284000000000000_HOU_1960Circulation section5115 2015-05-18660.284/HOU/1960 
Central Library, BUET 2015-05-182015-05-18 Central Library, BUET General Book660_284000000000000_HOU_1960Circulation section10456 2015-05-18660.284/HOU/1960 
Central Library, BUET 2015-06-202015-06-20 Central Library, BUET Reading Item660_280000000000000_HOU_1969Reading section113597 2015-06-20660.28/HOU/1969